Guess the TV Show from the Cast #5 - Statistics

General Stats
  • This quiz has been taken 61 times
  • The average score is 4 of 10
Answer Stats
Hint Answer % Correct
Johnny Galecki / Jim Parsons / Kunal Nayyar / Simon Helberg / Kaley Cuoco The Big Bang Theory
96%
David Duchovny / Gillian Anderson / Robert Patrick / Annabeth Gish / Mitch Pileggi The X-Files
67%
Bob Odenkirk / Jonathan Banks / Rhea Seehorn / Patrick Fabian / Michael Mando Better Call Saul
61%
Larry David / Jeff Garlin / Cheryl Hines / Susie Essman / J. B. Smoove Curb Your Enthusiasm
54%
Wagner Moura / Boyd Holbrook / Pedro Pascal / Damián Alcázar / Joanna Christie Narcos
33%
Gary Sinise / Melina Kanakaredes / Carmine Giovinazzo / Eddie Cahill / Vanessa Ferlito CSI: NY
31%
Kyle MacLachlan / Michael Ontkean / Mädchen Amick / Dana Ashbrook / Richard Beymer Twin Peaks
31%
(a) H. Jon Benjamin / John Roberts / Dan Mintz / Eugene Mirman / Kristen Schaal (a) Bob's Burgers
24%
Jennifer Ehle / Colin Firth / Adrian Lukis / Alison Steadman / Benjamin Whitrow Pride and Prejudice
22%
Billy Bob Thornton / Allison Tolman / Colin Hanks / Martin Freeman / Kirsten Dunst Fargo
20%
No matching quizzes found
Score Distribution
Percent of People with Each Score
Percentile by Number Answered
Your Score History
You have not taken this quiz